| 000 | 00659nam a22001697a 4500 | ||
|---|---|---|---|
| 003 | OSt | ||
| 005 | 20251106053218.0 | ||
| 008 | 251106b |||||||| |||| 00| 0 eng d | ||
| 020 | _a0-06-092642-2 | ||
| 040 |
_aDWCL-Main lib _cOC |
||
| 082 | _aCirc. 646.78 G778 1992 | ||
| 100 | _aGray, J. | ||
| 245 |
_aMen are from Mars, women are from Venus : _ba practical guide for improving communication and getting what you want in a relationship _cGray, John |
||
| 260 |
_aNew York : _b Harper Collins Publishers, _cc1992 |
||
| 300 |
_ax, 286 pages : _c21 cm. |
||
| 942 |
_2ddc _cBK-CIRC _e1st edition _hCirc. 646.78 G778 1992 _kCirc. _n0 |
||
| 999 |
_c5574 _d5574 |
||